All american girl (Record no. 137408)

000 -LEADER
fixed length control field 00310nam a2200121Ia 4500
008 - FIXED-LENGTH DATA ELEMENTS--GENERAL INFORMATION
fixed length control field 220120s9999||||xx |||||||||||||| ||und||
082 ## - DEWEY DECIMAL CLASSIFICATION NUMBER
Classification number 823 MEG
100 ## - MAIN ENTRY--PERSONAL NAME
Personal name Meg, Cabot
9 (RLIN) 11870
245 #0 - TITLE STATEMENT
Title All american girl
260 ## - PUBLICATION, DISTRIBUTION, ETC.
Place of publication, distribution, etc. Macmillan
Name of publisher, distributor, etc. New Delhi
Date of publication, distribution, etc. 2002
300 ## - PHYSICAL DESCRIPTION
Other physical details 0
650 ## - SUBJECT ADDED ENTRY--TOPICAL TERM
Topical term or geographic name entry element INSTRUMENT AND MEASURMENTATION
Holdings
Withdrawn status Lost status Damaged status Not for loan Collection code Home library Current library Date acquired Full call number Barcode Date last seen Price effective from Koha item type
        Humanity Science Central Library Central Library 01/20/2022 823 MEG GF1267 01/20/2022 01/20/2022 Gift Books

Powered by Koha